| 000 | 00000nam 2200000zi 4500 |
| 001 | 9.937688 |
| 003 | CaOODSP |
| 005 | 20251105104704 |
| 006 | m o d f |
| 007 | cr |n||||||||| |
| 008 | 240502e202406 oncab ob f000 0 fre d |
| 020 | |a9780660717319 |
| 040 | |aCaOODSP|bfre|erda|cCaOODSP |
| 043 | |an-cn--- |
| 086 | 1 |aFs70-6/2024-035F-PDF |
| 245 | 00|aÉvaluation du stock de morses de l'atlantique (Odobenus rosmarus rosmarus) du sud et de l'est de la baie d'Hudson en 2022. |
| 264 | 1|aOttawa : |bSecrétariat canadien de consultation scientifique, |cjuin 2024. |
| 264 | 4|c©2024 |
| 300 | |a1 ressource en ligne (7 pages) : |bcartes, illustrations |
| 336 | |atexte|btxt|2rdacontent/fre |
| 337 | |ainformatique|bc|2rdamedia/fre |
| 338 | |aressource en ligne|bcr|2rdacarrier/fre |
| 490 | 1 |aAvis scientifique, |x1919-5117 ; |v2024/035 |
| 500 | |aPublié aussi en anglais sous le titre : Assessment of the south and east Hudson Bay Atlantic walrus (Odobenus rosmarus rosmarus) stock in 2022. |
| 504 | |aComprend des références bibliographiques (page 6). |
| 650 | 6|aMorse|zHudson, Baie d'. |
| 650 | 6|aMorse|zHudson, Détroit d' (Québec et Nunavut) |
| 650 | 6|aMorse|zDavis, Détroit de. |
| 650 | 6|aMammifères marins|xPopulations|xEstimation|zHudson, Baie d'. |
| 650 | 6|aMammifères marins|xPopulations|xEstimation|zHudson, Détroit d' (Québec et Nunavut) |
| 650 | 6|aMammifères marins|xPopulations|xEstimation|zDavis, Détroit de. |
| 710 | 2 |aSecrétariat canadien de consultation scientifique, |eorganisme de publication. |
| 710 | 1 |aCanada. |bMinistère des pêches et des océans, |eorganisme de publication. |
| 775 | 08|tAssessment of the south and east Hudson Bay Atlantic walrus (Odobenus rosmarus rosmarus) stock in 2022.|w(CaOODSP)9.937687 |
| 775 | 08|t[Évaluation du stock de morses de l'atlantique (Odobenus rosmarus rosmarus) du sud et de l'est de la baie d'Hudson en 2022].|w(CaOODSP)9.957109 |
| 830 | #0|aAvis scientifique (Secrétariat canadien de consultation scientifique)|v2024/035.|w(CaOODSP)9.502624 |
| 856 | 40|qPDF|s605 Ko|uhttps://publications.gc.ca/collections/collection_2024/mpo-dfo/fs70-6/Fs70-6-2024-035-fra.pdf |